Biblioteca y Centro de Documentación

Gaceta sindical (Registro nro. 25942)

Detalles MARC
000 -CABECERA
Longitud fija campo de control 01494nas a2200373 c 4500
001 - NÚMERO DE CONTROL
Número de control 25942
003 - IDENTIFICADOR DE NÚMERO DE CONTROL
Identificador del número de control ES-MaCES
005 - FECHA Y HORA DE LA ÚLTIMA TRANSACCIÓN
Fecha y hora de la última transacción 20250327142901.0
008 - CAMPO FIJO DE DESCRIPCIÓN FIJA--INFORMACIÓN GENERAL
Códigos de información de longitud fija   031110c2001 sp tn p 0 z0spa d
017 ## - NÚMERO DE REGISTRO DE DERECHOS DE AUTOR Y DEPÓSITO LEGAL
Número de copyright o de depósito legal M 42536-2001
Agencia que asigna el número DL
022 ## - ISSN (INTERNATIONAL STANDARD SERIAL NUMBER)
Número Internacional Normalizado para Publicaciones Seriadas 1889-4135
035 ## - NÚMERO DE CONTROL DEL SISTEMA
Número de control del sistema CES20030000066p
040 ## - FUENTE DE CATALOGACIÓN
Centro catalogador de origen ES-MaCES
Lengua de catalogación spa
Centro transcriptor ES-MaCES
245 00 - MENCIÓN DE TÍTULO
Título Gaceta sindical
Resto del título : reflexion y debate
260 ## - PUBLICACIÓN, DISTRIBUCIÓN, ETC (PIE DE IMPRENTA)
Lugar de publicación, distribución, etc. Madrid
Nombre del editor, distribuidor, etc. Confederación Sindical de Comisiones Obreras
Fecha de publicación, distribución, etc. 2001-
300 ## - DESCRIPCIÓN FÍSICA
Extensión v.
Dimensiones 24 cm
310 ## - PERIODICIDAD ACTUAL DE LA PUBLICACIÓN
Periodicidad actual Irregular
362 0# - DATOS DE LA PUBLICACIÓN Y/O DESIGNACIÓN SECUENCIAL
Fecha de publicación y;o designación secuencial N. 1 (oct. 2001)-
500 ## - NOTA GENERAL
Nota general Cerrada la suscripción de la ed. impresa, continua ed. electrónica
500 ## - NOTA GENERAL
Nota general Cada n. tiene ISBN
541 ## - NOTA DE LA FUENTE INMEDIANTE DE ADQUISICIÓN
Forma de adquisición Gratuito
650 #4 - ASIENTO SECUNDARIO DE MATERIA--TÉRMINO DE MATERIA
Término de materia o nombre geográfico como elemento inicial empleo
9 (RLIN) 28299
650 #4 - ASIENTO SECUNDARIO DE MATERIA--TÉRMINO DE MATERIA
9 (RLIN) 28369
Término de materia o nombre geográfico como elemento inicial relaciones laborales
653 10 - TÉRMINO DE INDEXACIÓN--NO CONTROLADO
Término no controlado Relaciones laborales-Empleo
710 2# - ENCABEZAMIENTO SECUNDARIO--NOMBRE CORPORATIVO
Nombre de entidad o nombre de jurisdicción como elemento inicial Comisiones Obreras
Término indicativo de función ed.
9 (RLIN) 2105
780 01 - ENTRADA ANTERIOR
Título Gaceta sindical
Número de control del registro relacionado (ES-MaCES)25174
853 21 - LEYENDAS Y PATRÓN--UNIDAD BIBLIOGRÁFICA BÁSICA
Segundo nivel de enumeración n.
Primer nivel de cronología año
Continuidad en la numeración c
Frecuencia f
856 ## - ACCESO ELECTRÓNICO
Identificador Uniforme del Recurso (URI) https://www.ccoo.es/cms.php?cd_cms_pag=12855&cd_cms_elcon_from=&cd_cms_elconmaster_to=37&cd_cms_conte=28731&opc_id=2899eca63cd415182a14b0ea26cd5d2t&opc_id_prin=2f6265f7450466813ea62da04a9e99d8
Texto del enlace texto completo desde n. 01 (2001), con embargo del último n. publicado
866 #0 - FUENTES TEXTUALES--UNIDAD BIBLIOGRÁFICA BÁSICA
Holdings textuales 2020-
Nota pública Ubicación: DEPÓSITO - 55/983
905 ## - CES. DATOS REVISTA
Boletín de sumarios (Sirtex 591$a) Boletín B
Kardex
Abreviatura boletín GacSin
Proceso A
942 ## - ELEMENTOS KOHA
Fuente de clasificaión o esquema Clasificación propia del CES
Koha [por defecto] tipo de item Periódicas
Parte de clasificación Relaciones Laborales y Rel. Lab.- Empleo
Existencias
Serie de enumeración ; cronología Número de registro Préstamos totales Tipo de item de Koha
n. 34 (jun. 2020) 093599   Periódicas
n. 35 (dic. 2020) 093600   Periódicas
n. 36 (jun. 2021) 093601   Periódicas
n. 37 (oct. 2021) 093602   Periódicas
n. 38 (jun. 2022) 093603   Periódicas
n. 39 (dic. 2022) 093604   Periódicas
n. 40 (jun. 2023) 093605   Periódicas
n. 41 (dic. 2023) 093606   Periódicas
© CES, Consejo Económico y Social de España 2021